000 00999nas a2200325 4500
001 BR2022000039
003 BR-BrBNA
005 20231205132157.0
007 ta
008 230509b bl.|||p| |||| 00| 00por d
040 _aBR-BrBNA
_bpor
_cBiblioteca Nacional de Agricultura
041 _a(En)
072 _aK50
100 1 _aMachado, J.F.
100 1 _aHillig, E.
100 1 _aWatzlawick, L.F.
100 1 _aBednarczuk, E.
100 1 _aTavares, E.L.
245 1 _aProduction of plywood panel for exterior use with paricá and embaúba timbers
650 _aPARICÁ
650 _aÁRVORE ANGIOSPERMA
650 _aPROCESSAMENTO
650 _aPAINEL DE MADEIRA
650 _aADESIVO
650 _aINDÚSTRIA FLORESTAL
773 0 _tRevista Árvore (Brazil)
_xISSN 1806-9088
_g(2018), v. 42(4) p. 1-7
_wBR2022000039
856 4 0 _uhttps://www.scielo.br/j/rarv/a/cZJWfqBcZzyvJX6S7sqqY7x/?format=pdf lang=en
909 _a202311
_bLúcia
_c55
_dLúcia Elande
942 _2AGRIS
_n0
_cANA
999 _c258909
_d258909